[Event "Campeonato del Mundo sub-20 2010 Fem."]
[Site "Chotowa-Czarna, Poland"]
[Date "2010.08.11"]
[Round "8.21"]
[White "Mareckova, Martina"]
[Black "Adamowicz, Katarzyna"]
[Result "0-1"]
[WhiteElo "2095"]
[BlackElo "2123"]
[PlyCount "112"]
[EventDate "2010.08.03"]
[EventType "swiss"]
[EventRounds "13"]
[EventCountry "POL"]
[Source "lmi"]
[SourceDate "2010.08.03"]

1. e4 e5 2. Nf3 Nc6 3. Bc4 Bc5 4. c3 Nf6 5. d3 a6 6. Bb3 Ba7 7. Nbd2 d6 8. Nf1
Ne7 9. Ng3 Ng6 10. h3 O-O 11. O-O c5 12. Re1 b5 13. d4 Qc7 14. Bg5 Nd7 15. Nf5
c4 16. Bc2 Nb6 17. Qd2 f6 18. Be3 Bxf5 19. exf5 Ne7 20. Rad1 Rad8 21. Qe2 Nbd5
22. a3 Rfe8 23. Nh4 a5 24. dxe5 dxe5 25. Bxa7 Qxa7 26. g3 Qc5 27. Ng2 b4 28.
axb4 axb4 29. cxb4 Qxb4 30. Ne3 Nxe3 31. fxe3 Nd5 32. Be4 Nb6 33. Rxd8 Rxd8 34.
Rd1 Rd6 35. Rxd6 Qxd6 36. Qc2 Qb4 37. Kf2 h6 38. Ke2 Kh7 39. Qc3 Qa4 40. Bc2
Qc6 41. e4 Qb5 42. h4 Nc8 43. Kf3 Ne7 44. g4 Nc6 45. g5 Nd4+ 46. Kg4 fxg5 47.
hxg5 hxg5 48. Bd1 Qc6 49. Qh3+ Kg8 50. Bf3 g6 51. Kxg5 gxf5 52. Qg2 Kf7 53.
Bh5+ Ke7 54. Bg6 Qf6+ 55. Kh6 Ne6 56. Qf2 Qg5+ 0-1

[Event "Campeonato del Mundo sub-20 2010 Fem."]
[Site "Chotowa-Czarna, Poland"]
[Date "2010.08.11"]
[Round "8.22"]
[White "Petrova, Irina"]
[Black "Guo, Emma"]
[Result "1-0"]
[WhiteElo "2014"]
[BlackElo "1965"]
[PlyCount "43"]
[EventDate "2010.08.03"]
[EventType "swiss"]
[EventRounds "13"]
[EventCountry "POL"]
[Source "lmi"]
[SourceDate "2010.08.03"]

1. e4 e5 2. Nf3 Nc6 3. Bc4 Nf6 4. d3 d6 5. Ng5 d5 6. exd5 Na5 7. O-O Nxc4 8.
dxc4 Bd6 9. Nc3 Bf5 10. f4 exf4 11. Bxf4 Bc5+ 12. Kh1 O-O 13. Bxc7 Qxc7 14.
Rxf5 Rae8 15. Rxf6 Qe5 16. Nge4 gxf6 17. Nxc5 Qc7 18. N5e4 Qe5 19. Qg4+ Kh8 20.
Rf1 Rg8 21. Qh4 Rg6 22. d6 1-0

[Event "Campeonato del Mundo sub-20 2010 Fem."]
[Site "Chotowa-Czarna, Poland"]
[Date "2010.08.11"]
[Round "8.23"]
[White "Cori Tello, Deysi Estela"]
[Black "Skrzypczak, Anna"]
[Result "1-0"]
[WhiteElo "2403"]
[BlackElo "2028"]
[PlyCount "65"]
[EventDate "2010.08.03"]
[EventType "swiss"]
[EventRounds "13"]
[EventCountry "POL"]
[Source "lmi"]
[SourceDate "2010.08.03"]

1. d4 Nf6 2. Nf3 e6 3. c4 d5 4. Qc2 Bb4+ 5. Bd2 Be7 6. Nc3 O-O 7. e3 b6 8. Bd3
Bb7 9. cxd5 exd5 10. O-O Nbd7 11. Ne5 c5 12. f4 h6 13. Bf5 cxd4 14. exd4 Nxe5
15. fxe5 Ne4 16. Kh1 Nxd2 17. Qxd2 Bc8 18. Qd3 Be6 19. Ne2 Bg5 20. g3 Qd7 21.
Rf3 Rac8 22. Raf1 Bxf5 23. Rxf5 Qe6 24. h4 Be7 25. Nf4 Qc6 26. Qf3 Rcd8 27. h5
a5 28. Rf2 b5 29. Kg2 a4 30. Kh3 Qd7 31. Qg4 Bg5 32. e6 fxe6 33. Nxd5 1-0

[Event "Campeonato del Mundo sub-20 2010 Fem."]
[Site "Chotowa-Czarna, Poland"]
[Date "2010.08.11"]
[Round "8.26"]
[White "Anu, Bayar"]
[Black "Guadamuro Torrente, Anabel"]
[Result "1/2-1/2"]
[WhiteElo "1935"]
[BlackElo "2137"]
[PlyCount "41"]
[EventDate "2010.08.03"]
[EventType "swiss"]
[EventRounds "13"]
[EventCountry "POL"]
[Source "lmi"]
[SourceDate "2010.08.03"]

1. e4 e5 2. Bc4 Nc6 3. Nf3 Bc5 4. c3 Nf6 5. d4 exd4 6. e5 d5 7. Bb5 Ne4 8. cxd4
Bb4+ 9. Bd2 Nxd2 10. Nbxd2 O-O 11. Bxc6 bxc6 12. O-O c5 13. Nb3 Bg4 14. dxc5 f6
15. e6 Bxe6 16. Nfd4 Bf7 17. Qg4 h5 18. Qf5 g6 19. Qf4 Kg7 20. h4 f5 21. f3
1/2-1/2

[Event "Campeonato del Mundo sub-20 2010 Fem."]
[Site "Chotowa-Czarna, Poland"]
[Date "2010.08.11"]
[Round "8.28"]
[White "Pratyusha, Bodda"]
[Black "Kasperek, Joanna"]
[Result "1/2-1/2"]
[WhiteElo "2073"]
[BlackElo "2001"]
[PlyCount "57"]
[EventDate "2010.08.03"]
[EventType "swiss"]
[EventRounds "13"]
[EventCountry "POL"]
[Source "lmi"]
[SourceDate "2010.08.03"]

1. e4 c5 2. Nc3 a6 3. f4 b5 4. Nf3 Bb7 5. d3 e6 6. g3 Ne7 7. Bg2 d5 8. Qe2 Nd7
9. O-O Nb6 10. Bd2 g6 11. Rad1 Bg7 12. Bc1 Qd7 13. Qf2 Qc7 14. Rfe1 h5 15. exd5
Nbxd5 16. Ne4 Rc8 17. c4 Nf6 18. h3 O-O 19. Nfg5 Rfd8 20. Be3 Nxe4 21. Nxe4
Bxe4 22. dxe4 Rxd1 23. Rxd1 bxc4 24. Bf1 Rb8 25. Rd2 Qb7 26. Bxc4 Qxe4 27. Bxa6
Qb1+ 28. Kh2 Qxa2 29. Bxc5 1/2-1/2

[Event "Campeonato del Mundo sub-20 2010 Fem."]
[Site "Chotowa-Czarna, Poland"]
[Date "2010.08.11"]
[Round "8.30"]
[White "Rysbayeva, Nazerke"]
[Black "Correa, Jaqueline Pamplona"]
[Result "0-1"]
[WhiteElo "2052"]
[BlackElo "1928"]
[PlyCount "106"]
[EventDate "2010.08.03"]
[EventType "swiss"]
[EventRounds "13"]
[EventCountry "POL"]
[Source "lmi"]
[SourceDate "2010.08.03"]

1. d4 Nf6 2. c4 g6 3. Nc3 d5 4. cxd5 Nxd5 5. Bd2 Bg7 6. e4 Nxc3 7. Bxc3 O-O 8.
Bc4 c5 9. Ne2 Nc6 10. dxc5 Qc7 11. Bxg7 Kxg7 12. Qc2 Ne5 13. Bb5 a6 14. Ba4
Qxc5 15. O-O Qa5 16. Bb3 b5 17. Bd5 Rb8 18. Nf4 Qb6 19. Rac1 e6 20. Bb3 Nc4 21.
Qc3+ Kg8 22. Bxc4 bxc4 23. Qxc4 Qxb2 24. Nd3 Qf6 25. Rb1 Rxb1 26. Rxb1 Bd7 27.
Qxa6 Qd4 28. e5 Rc8 29. h3 Rc2 30. Rb8+ Kg7 31. Qa3 Rc8 32. Rxc8 Bxc8 33. Kh2
Bd7 34. Qd6 Qa4 35. Nb4 Bb5 36. h4 Bc4 37. Qd2 Qa5 38. Qb2 Qa8 39. Qc2 Bf1 40.
f3 Qa5 41. Qc3 Qb5 42. Qe1 Be2 43. Qc3 Bf1 44. Qb2 Qc4 45. Kg1 Be2 46. Kf2 Bd1
47. g3 Ba4 48. Kg2 Bb5 49. Kh2 h5 50. Qd2 Qf1 51. Qg2 Qe1 52. Nc2 Qxe5 53. Qd2
Qc7 0-1

[Event "Campeonato del Mundo sub-20 2010 Fem."]
[Site "Chotowa-Czarna, Poland"]
[Date "2010.08.11"]
[Round "8.31"]
[White "Krumova, Ani"]
[Black "Rysbayeva, Aigerim"]
[Result "0-1"]
[WhiteElo "1916"]
[BlackElo "2209"]
[PlyCount "102"]
[EventDate "2010.08.03"]
[EventType "swiss"]
[EventRounds "13"]
[EventCountry "POL"]
[Source "lmi"]
[SourceDate "2010.08.03"]

1. e4 c5 2. b4 cxb4 3. a3 d5 4. exd5 Qxd5 5. Nf3 e5 6. axb4 Bxb4 7. c3 Bc5 8.
Na3 Bd7 9. Bc4 Qe4+ 10. Qe2 Qxe2+ 11. Kxe2 Nc6 12. Nb5 Rc8 13. Ng5 a6 14. Bxf7+
Ke7 15. Bxg8 Rhxg8 16. Ne4 axb5 17. Nxc5 Be6 18. Ba3 Bd5 19. f3 b6 20. Ne4+ b4
21. Bxb4+ Nxb4 22. cxb4 Bxe4 23. fxe4 Rc4 24. Ra7+ Kd6 25. Ke3 Rxb4 26. Rc1
Rb3+ 27. d3 Rd8 28. Rac7 Rd7 29. R7c3 Rxc3 30. Rxc3 b5 31. Rc8 Rb7 32. d4 exd4+
33. Kxd4 b4 34. Rc2 b3 35. Rb2 Ke6 36. e5 Rb8 37. Kc3 Kxe5 38. Re2+ Kf4 39. Kb2
Rb7 40. Re1 h5 41. Re8 Rb5 42. Re2 h4 43. Re1 g5 44. Rf1+ Ke3 45. Rf3+ Ke2 46.
Rf6 Rb4 47. h3 Rf4 48. Rd6 Kf1 49. Kxb3 Kxg2 50. Rd5 Rf3+ 51. Kc2 Rg3 0-1

[Event "Campeonato del Mundo sub-20 2010 Fem."]
[Site "Chotowa-Czarna, Poland"]
[Date "2010.08.11"]
[Round "8.32"]
[White "Edes, Zsofia"]
[Black "Ursente, Maria-eugenia"]
[Result "1-0"]
[WhiteElo "2097"]
[BlackElo "1978"]
[PlyCount "81"]
[EventDate "2010.08.03"]
[EventType "swiss"]
[EventRounds "13"]
[EventCountry "POL"]
[Source "lmi"]
[SourceDate "2010.08.03"]

1. d4 c5 2. d5 Nf6 3. c4 b5 4. cxb5 a6 5. bxa6 g6 6. Nc3 Bxa6 7. e4 Bxf1 8.
Kxf1 d6 9. Nge2 Bg7 10. Qc2 O-O 11. g3 Na6 12. a3 e6 13. Bg5 Qb6 14. Kg2 Nc7
15. Rhd1 exd5 16. exd5 Rfe8 17. Bf4 Nb5 18. Nxb5 Qxb5 19. Nc3 Qb6 20. a4 Ng4
21. Nb5 Be5 22. Bd2 Qb7 23. Bc3 Bxc3 24. bxc3 Qd7 25. c4 Re7 26. Rd2 Re5 27. h3
Nh6 28. Re2 Rh5 29. Rh1 Rf5 30. Qd2 Rh5 31. a5 Qd8 32. Qe1 Qf6 33. Re8+ Rxe8
34. Qxe8+ Kg7 35. Qe1 Re5 36. Qa1 Nf5 37. Re1 Rxe1 38. Qxe1 Kf8 39. a6 Qb2 40.
a7 Qa2 41. Qc3 1-0

[Event "Campeonato del Mundo sub-20 2010 Fem."]
[Site "Chotowa-Czarna, Poland"]
[Date "2010.08.11"]
[Round "8.33"]
[White "Lis, Marcelina"]
[Black "Khanamiryan, Ani"]
[Result "0-1"]
[WhiteElo "1905"]
[BlackElo "2014"]
[PlyCount "108"]
[EventDate "2010.08.03"]
[EventType "swiss"]
[EventRounds "13"]
[EventCountry "POL"]
[Source "lmi"]
[SourceDate "2010.08.03"]

1. e4 Nf6 2. e5 Nd5 3. c4 Nb6 4. Nc3 d6 5. Nf3 Nc6 6. exd6 exd6 7. d4 Bg4 8.
Be3 Be7 9. a3 O-O 10. b4 Re8 11. Be2 Bf6 12. Qd3 Bxf3 13. gxf3 d5 14. cxd5 Nxd5
15. Ne4 a6 16. Rg1 Nxe3 17. fxe3 Bh4+ 18. Kd2 Kh8 19. f4 f5 20. Ng3 g6 21. d5
Qf6 22. Bf3 Qb2+ 23. Qc2 Qxc2+ 24. Kxc2 Rxe3 25. dxc6 Rxf3 26. cxb7 Rb8 27.
Rad1 Rxb7 28. Rd3 Rxf4 29. Rg2 Bf6 30. Re2 Rc4+ 31. Kb3 Rd4 32. Rxd4 Bxd4 33.
Kc4 Bf6 34. Re6 Rb6 35. Kd5 Kg7 36. Rc6 Rxc6 37. Kxc6 Be5 38. Nf1 Kf6 39. Kb7
Bb2 40. a4 Bc3 41. Kxa6 Bxb4 42. Kb5 Be1 43. a5 f4 44. a6 Bf2 45. Kc4 Kf5 46.
Kd3 g5 47. Nd2 g4 48. Nf1 h5 49. Ke2 Bb6 50. Nd2 h4 51. Nc4 Bc5 52. Na5 h3 53.
Kf1 g3 54. hxg3 fxg3 0-1

[Event "Campeonato del Mundo sub-20 2010 Fem."]
[Site "Chotowa-Czarna, Poland"]
[Date "2010.08.11"]
[Round "8.34"]
[White "Orehek, Spela"]
[Black "Tonel, Giulia"]
[Result "1/2-1/2"]
[WhiteElo "1883"]
[BlackElo "2001"]
[PlyCount "65"]
[EventDate "2010.08.03"]
[EventType "swiss"]
[EventRounds "13"]
[EventCountry "POL"]
[Source "lmi"]
[SourceDate "2010.08.03"]

1. e4 c5 2. c3 b6 3. d4 Bb7 4. Bd3 Nf6 5. Qe2 cxd4 6. cxd4 Nc6 7. Nf3 Nb4 8.
Nc3 Nxd3+ 9. Qxd3 Qc8 10. Bd2 Ba6 11. Qe3 e6 12. a3 Be7 13. b4 O-O 14. b5 Bb7
15. O-O d5 16. exd5 Nxd5 17. Nxd5 Bxd5 18. Ne5 Qe8 19. a4 a6 20. Qd3 Bb7 21.
Rfc1 f6 22. Nc6 Bd6 23. Qb3 a5 24. h3 Kh8 25. Be3 Bc7 26. d5 exd5 27. Qxd5 Rd8
28. Qc4 Rd7 29. Rd1 Rff7 30. Re1 Qf8 31. Rad1 h6 32. Qe6 Bc8 33. Qc4 1/2-1/2

[Event "Campeonato del Mundo sub-20 2010 Fem."]
[Site "Chotowa-Czarna, Poland"]
[Date "2010.08.11"]
[Round "8.36"]
[White "Lepeskaite, Migle"]
[Black "Ho, En Huei Danielle"]
[Result "0-1"]
[WhiteElo "1801"]
[BlackElo "1898"]
[PlyCount "86"]
[EventDate "2010.08.03"]
[EventType "swiss"]
[EventRounds "13"]
[EventCountry "POL"]
[Source "lmi"]
[SourceDate "2010.08.03"]

1. d4 d5 2. c4 e6 3. Nc3 c6 4. Nf3 dxc4 5. a4 Bb4 6. e4 b5 7. Bd2 Nf6 8. axb5
Bxc3 9. Bxc3 cxb5 10. Ne5 Bb7 11. f3 a5 12. Bxc4 bxc4 13. Qa4+ Nbd7 14. Nxc4
Qc7 15. Bxa5 Qc6 16. Qxc6 Bxc6 17. Kd2 O-O 18. Rhc1 Nxe4+ 19. fxe4 Bxe4 20. g3
Bd5 21. b4 Rab8 22. Nd6 f5 23. b5 Nb6 24. Ke3 g5 25. Bb4 f4+ 26. gxf4 Rxf4 27.
Bc5 Nd7 28. Ba7 Rbf8 29. Rg1 Rf3+ 30. Kd2 Rf2+ 31. Ke1 h6 32. h4 Bg2 33. hxg5
hxg5 34. b6 Rb2 35. b7 Rff2 36. b8=Q+ Nxb8 37. Bxb8 Rbe2+ 38. Kd1 Rd2+ 39. Kc1
Rc2+ 40. Kd1 Bf3+ 41. Ke1 Rce2+ 42. Kd1 Ra2+ 43. Ke1 Rfe2+ 0-1

[Event "Campeonato del Mundo sub-20 2010 Fem."]
[Site "Chotowa-Czarna, Poland"]
[Date "2010.08.11"]
[Round "8.38"]
[White "Jablonska, Sabina"]
[Black "Ferreira, Susana Carolina G"]
[Result "1-0"]
[WhiteElo "1876"]
[BlackElo "1726"]
[PlyCount "71"]
[EventDate "2010.08.03"]
[EventType "swiss"]
[EventRounds "13"]
[EventCountry "POL"]
[Source "lmi"]
[SourceDate "2010.08.03"]

1. e4 c5 2. Nf3 e6 3. d4 cxd4 4. Nxd4 a6 5. Nc3 Qc7 6. Be2 b5 7. O-O Bb7 8. Bf3
Nc6 9. Re1 Nxd4 10. Qxd4 Ne7 11. Bg5 Nc6 12. Nd5 Qa5 13. Qd2 Rc8 14. c3 b4 15.
Rad1 Ne5 16. cxb4 Nxf3+ 17. gxf3 Qb5 18. a4 Qxa4 19. Nb6 Qb5 20. Nxc8 Bxc8 21.
Qc1 Qb8 22. Bf4 Qa8 23. Qc3 Bb7 24. Re3 Bc6 25. Qd4 Qb7 26. Bd6 f6 27. Qc5 Bxd6
28. Qxd6 Kf7 29. Red3 Qb5 30. Qc7 Qg5+ 31. Kh1 Qe5 32. Rxd7+ Bxd7 33. Rxd7+ Kg6
34. Rxg7+ Kh6 35. Qd7 Qf4 36. Rg3 1-0

[Event "Campeonato del Mundo sub-20 2010 Fem."]
[Site "Chotowa-Czarna, Poland"]
[Date "2010.08.12"]
[Round "9.1"]
[White "Muzychuk, Anna"]
[Black "Guramishvili, Sopiko"]
[Result "1-0"]
[WhiteElo "2527"]
[BlackElo "2298"]
[PlyCount "117"]
[EventDate "2010.08.03"]
[EventType "swiss"]
[EventRounds "13"]
[EventCountry "POL"]
[Source "lmi"]
[SourceDate "2010.08.03"]

1. e4 c5 2. Nc3 a6 3. g3 b5 4. Bg2 Bb7 5. Nge2 e6 6. d4 cxd4 7. Nxd4 Nf6 8. O-O
Qc7 9. Re1 d6 10. a4 bxa4 11. Nd5 Nxd5 12. exd5 e5 13. f4 Be7 14. Nf5 Bf6 15.
fxe5 dxe5 16. Rxa4 O-O 17. Qg4 Kh8 18. Be3 Qd7 19. Rf1 a5 20. Bc5 Rc8 21. Be7
Rg8 22. Bxf6 gxf6 23. Qh4 Rg6 24. Rg4 Qd8 25. c4 Nd7 26. Be4 Qb6+ 27. Kh1 Rxg4
28. Qxg4 Rg8 29. Qh5 Rg6 30. Ne7 Rg7 31. Qf5 Nc5 32. Bg2 a4 33. Qxf6 Qxf6 34.
Rxf6 Rg4 35. Bf1 Rd4 36. Rxf7 Rd1 37. Kg2 Ba6 38. Rf2 Ne4 39. Rc2 Nc5 40. Be2
Ra1 41. Nc6 e4 42. Kf2 Rh1 43. h4 Bc8 44. Ke3 Rg1 45. Kd4 Nb3+ 46. Kxe4 Rxg3
47. Ne7 Ba6 48. c5 Bxe2 49. Rxe2 Nxc5+ 50. Kd4 Nb3+ 51. Ke5 Rd3 52. d6 Kg7 53.
Nd5 Nc5 54. Rc2 Nd7+ 55. Ke4 Rh3 56. Rc7 Rxh4+ 57. Nf4 Kf6 58. Rxd7 Kg5 59. Rf7
1-0

[Event "Campeonato del Mundo sub-20 2010 Fem."]
[Site "Chotowa-Czarna, Poland"]
[Date "2010.08.12"]
[Round "9.2"]
[White "Melekhina, Alisa"]
[Black "Muminova, Nafisa"]
[Result "1-0"]
[WhiteElo "2265"]
[BlackElo "2290"]
[PlyCount "73"]
[EventDate "2010.08.03"]
[EventType "swiss"]
[EventRounds "13"]
[EventCountry "POL"]
[Source "lmi"]
[SourceDate "2010.08.03"]

1. e4 e6 2. d4 d5 3. e5 c5 4. c3 Qb6 5. Nf3 Bd7 6. Bd3 cxd4 7. cxd4 Nc6 8. O-O
Nxd4 9. Nbd2 Nxf3+ 10. Nxf3 Bb5 11. Be3 Qa6 12. Bxb5+ Qxb5 13. Rc1 Qd7 14. Nd4
Ne7 15. Qe2 a6 16. Rc2 Nc6 17. Rfc1 Nxd4 18. Bxd4 Be7 19. Rc7 Qa4 20. Qg4 Bd8
21. Qxg7 Bxc7 22. Qxh8+ Kd7 23. Qg7 Qxd4 24. Qxf7+ Kd8 25. Qxc7+ Ke8 26. Qxh7
Qxb2 27. Qg8+ Kd7 28. Qf7+ Kd8 29. Qf8+ Kd7 30. Qd6+ Ke8 31. Qxe6+ Kf8 32. Qf5+
Kg8 33. Qg5+ Kh8 34. h3 Rf8 35. Qh4+ Kg8 36. Qg3+ Kh8 37. Rc7 1-0

[Event "Campeonato del Mundo sub-20 2010 Fem."]
[Site "Chotowa-Czarna, Poland"]
[Date "2010.08.12"]
[Round "9.3"]
[White "Bhakti, Kulkarni Pradip"]
[Black "Girya, Olga"]
[Result "0-1"]
[WhiteElo "2249"]
[BlackElo "2376"]
[PlyCount "62"]
[EventDate "2010.08.03"]
[EventType "swiss"]
[EventRounds "13"]
[EventCountry "POL"]
[Source "lmi"]
[SourceDate "2010.08.03"]

1. d4 d5 2. c4 c6 3. Nf3 Nf6 4. e3 Bg4 5. cxd5 Bxf3 6. Qxf3 cxd5 7. Nc3 Nc6 8.
Bd3 e6 9. O-O Bd6 10. Qh3 Rc8 11. Rd1 Be7 12. Bb1 Rc7 13. Bd2 a6 14. a3 O-O 15.
Bd3 g6 16. Be1 Na5 17. Nb5 Rc6 18. Bxa5 Qxa5 19. Nc3 Rfc8 20. Qf3 Qb6 21. Rd2
Kg7 22. Qd1 Qc7 23. g3 h5 24. h4 b5 25. Qb3 Ng4 26. Kg2 Bxh4 27. gxh4 Qh2+ 28.
Kf3 Qxh4 29. Rg1 Qh3+ 30. Rg3 Nh2+ 31. Kf4 Qh4+ 0-1

[Event "Campeonato del Mundo sub-20 2010 Fem."]
[Site "Chotowa-Czarna, Poland"]
[Date "2010.08.12"]
[Round "9.4"]
[White "Padmini, Rout"]
[Black "Corke, Anya"]
[Result "1-0"]
[WhiteElo "2275"]
[BlackElo "2257"]
[PlyCount "83"]
[EventDate "2010.08.03"]
[EventType "swiss"]
[EventRounds "13"]
[EventCountry "POL"]
[Source "lmi"]
[SourceDate "2010.08.03"]

1. e4 e6 2. d4 d5 3. Nc3 Nf6 4. e5 Nfd7 5. f4 c5 6. Nf3 cxd4 7. Be3 Nc6 8. Nxd4
Bc5 9. Qd2 O-O 10. O-O-O a6 11. Kb1 Bxd4 12. Bxd4 b5 13. Bf2 b4 14. Ne2 a5 15.
Nd4 Nxd4 16. Bxd4 Ba6 17. g4 f6 18. exf6 Nxf6 19. Qe3 Qd7 20. Bh3 Ne4 21. Bg2
Qf7 22. Be5 Rfc8 23. Rd4 Bb7 24. h4 Qe7 25. h5 a4 26. Bxe4 dxe4 27. Bd6 Qf7 28.
Rxb4 Bd5 29. g5 e5 30. Bxe5 Bxa2+ 31. Ka1 Bd5 32. g6 Qe7 33. gxh7+ Kxh7 34. Rd4
Qb7 35. Rg1 Rg8 36. Qg3 Ra6 37. Rgd1 a3 38. b3 Rd8 39. Rxd5 Rxd5 40. Rxd5 e3
41. Rd1 e2 42. Qd3+ 1-0

[Event "Campeonato del Mundo sub-20 2010 Fem."]
[Site "Chotowa-Czarna, Poland"]
[Date "2010.08.12"]
[Round "9.5"]
[White "Mammadova, Gulnar Marfat"]
[Black "Andrenko, Irina"]
[Result "1-0"]
[WhiteElo "2260"]
[BlackElo "2133"]
[PlyCount "101"]
[EventDate "2010.08.03"]
[EventType "swiss"]
[EventRounds "13"]
[EventCountry "POL"]
[Source "lmi"]
[SourceDate "2010.08.03"]

1. e4 g6 2. Nc3 Bg7 3. g3 c6 4. Bg2 b5 5. d4 b4 6. Nce2 Nf6 7. Nf4 d6 8. Nge2
O-O 9. O-O e5 10. dxe5 dxe5 11. Nd3 Qe7 12. Be3 Nbd7 13. a3 Ng4 14. Bd2 bxa3
15. Rxa3 c5 16. Ra5 Bb7 17. Qa1 a6 18. c4 Qd6 19. Qa3 f5 20. h3 fxe4 21. hxg4
exd3 22. Bxb7 dxe2 23. Bd5+ Kh8 24. Re1 Nf6 25. Qxc5 Qd7 26. Rxe2 Qxg4 27. Qe3
Rad8 28. Bc3 Nxd5 29. cxd5 Rf3 30. Qe4 Rf4 31. Qd3 Rdf8 32. d6 Rf3 33. Qd2 Qh3
34. Re3 Rxf2 35. Qxf2 Rxf2 36. Kxf2 Qh2+ 37. Kf1 Qh1+ 38. Ke2 Qg2+ 39. Kd1 Qg1+
40. Re1 Qb6 41. Kc2 e4 42. Rd5 Bxc3 43. bxc3 Qc6 44. Rd4 Qd7 45. Rexe4 a5 46.
Re7 Qf5+ 47. Kd2 Qf2+ 48. Re2 Qxg3 49. d7 Qg5+ 50. Kd1 Qg1+ 51. Re1 1-0

[Event "Campeonato del Mundo sub-20 2010 Fem."]
[Site "Chotowa-Czarna, Poland"]
[Date "2010.08.12"]
[Round "9.6"]
[White "Pavlidou, Ekaterini"]
[Black "Iwanow, Anna"]
[Result "1-0"]
[WhiteElo "2182"]
[BlackElo "2097"]
[PlyCount "75"]
[EventDate "2010.08.03"]
[EventType "swiss"]
[EventRounds "13"]
[EventCountry "POL"]
[Source "lmi"]
[SourceDate "2010.08.03"]

1. d4 Nf6 2. c4 g6 3. Nc3 Bg7 4. e4 d6 5. Nf3 O-O 6. Be2 e5 7. Be3 Ng4 8. Bg5
f6 9. Bh4 g5 10. Bg3 Nh6 11. dxe5 dxe5 12. c5 c6 13. Bc4+ Kh8 14. Qxd8 Rxd8 15.
Nd2 Bf8 16. O-O-O Bxc5 17. Nf3 Rxd1+ 18. Rxd1 Kg7 19. Rd8 Nd7 20. Na4 Nb6 21.
Nxb6 Bxb6 22. Re8 Bc5 23. Be6 Bxe6 24. Rxa8 Bxa2 25. b4 Bb6 26. Rb8 Kg6 27.
Rxb7 Nf7 28. Rd7 Be6 29. Re7 Bg4 30. Nd2 Nd6 31. f3 Bc8 32. Nb3 Nb7 33. Nc5 Nd6
34. Ne6 Nf7 35. h4 gxh4 36. Bxh4 Ba6 37. Nf8+ Kg7 38. Nd7 1-0

[Event "Campeonato del Mundo sub-20 2010 Fem."]
[Site "Chotowa-Czarna, Poland"]
[Date "2010.08.12"]
[Round "9.7"]
[White "Nakhbayeva, Guliskhan"]
[Black "Ohme, Melanie"]
[Result "1/2-1/2"]
[WhiteElo "2216"]
[BlackElo "2326"]
[PlyCount "92"]
[EventDate "2010.08.03"]
[EventType "swiss"]
[EventRounds "13"]
[EventCountry "POL"]
[Source "lmi"]
[SourceDate "2010.08.03"]

1. d4 Nf6 2. c4 e6 3. Nc3 Bb4 4. e3 O-O 5. Nge2 b6 6. a3 Be7 7. e4 d5 8. e5 Ne4
9. Nxe4 dxe4 10. Nc3 Bb7 11. Be3 Nd7 12. Qg4 f5 13. exf6 Nxf6 14. Qxe6+ Kh8 15.
O-O-O Re8 16. Qf5 Rf8 17. Qe6 Re8 18. Qf5 Rf8 19. Qb5 Ng4 20. Rd2 Nxe3 21. fxe3
Bg5 22. Nd1 Qf6 23. h4 Bxh4 24. Be2 Bg5 25. Qd7 Rf7 26. Qg4 Raf8 27. d5 Qe5 28.
Qh5 h6 29. Bg4 Ba6 30. Be2 Rf6 31. Kb1 Bc8 32. g4 Bb7 33. Ka2 b5 34. Rd4 bxc4
35. Nc3 g6 36. Qh3 Rf2 37. Rxe4 Qg7 38. Rh2 Qd7 39. Bxc4 R8f3 40. Rxf2 Rxh3 41.
Rf8+ Kg7 42. Ree8 Bf6 43. Ne4 Bxd5 44. Rg8+ Kf7 45. Rgf8+ Kg7 46. Rg8+ Kf7
1/2-1/2

[Event "Campeonato del Mundo sub-20 2010 Fem."]
[Site "Chotowa-Czarna, Poland"]
[Date "2010.08.12"]
[Round "9.8"]
[White "Newrkla, Katharina"]
[Black "Severiukhina, Zoja"]
[Result "0-1"]
[WhiteElo "2105"]
[BlackElo "2341"]
[PlyCount "98"]
[EventDate "2010.08.03"]
[EventType "swiss"]
[EventRounds "13"]
[EventCountry "POL"]
[Source "lmi"]
[SourceDate "2010.08.03"]

1. e4 e6 2. d4 d5 3. exd5 exd5 4. Nf3 Bd6 5. Bd3 Nc6 6. c3 Nge7 7. O-O Bg4 8.
Bg5 f6 9. Bh4 Qd7 10. Nbd2 h5 11. b4 Nd8 12. Qc2 Rh6 13. Bg3 Nf7 14. Rfe1 O-O-O
15. Nh4 g5 16. Ng6 Nxg6 17. Bxg6 Bxg3 18. fxg3 Nd6 19. Bd3 h4 20. gxh4 Rxh4 21.
Nf1 Rdh8 22. Re3 f5 23. Re5 Ne4 24. Qb3 Nf6 25. Rae1 f4 26. Re7 Qc6 27. Qc2 Kb8
28. b5 Qd6 29. Bf5 Ne4 30. Re6 Bxf5 31. Rxd6 Nxd6 32. Qb3 Be4 33. Re2 Bd3 34.
Re5 Nc4 35. Qd1 Bxf1 36. Qxf1 Nxe5 37. dxe5 Rxh2 38. Qd3 g4 39. Qf5 f3 40. gxf3
gxf3 41. Qxf3 Rh1+ 42. Qxh1 Rxh1+ 43. Kxh1 Kc8 44. Kg2 Kd7 45. Kf3 Ke6 46. Kf4
c6 47. a4 c5 48. a5 b6 49. a6 c4 0-1

[Event "Campeonato del Mundo sub-20 2010 Fem."]
[Site "Chotowa-Czarna, Poland"]
[Date "2010.08.12"]
[Round "9.9"]
[White "Warakomska, Anna"]
[Black "Kulon, Klaudia"]
[Result "1-0"]
[WhiteElo "2192"]
[BlackElo "2230"]
[PlyCount "71"]
[EventDate "2010.08.03"]
[EventType "swiss"]
[EventRounds "13"]
[EventCountry "POL"]
[Source "lmi"]
[SourceDate "2010.08.03"]

1. e4 c5 2. Nf3 d6 3. d4 cxd4 4. Nxd4 Nf6 5. Nc3 Nc6 6. Be2 e5 7. Nxc6 bxc6 8.
Qd3 Rb8 9. Qg3 Be7 10. O-O O-O 11. b3 Qc7 12. f4 Kh8 13. Bb2 Nd7 14. Bg4 Bf6
15. Bxd7 exf4 16. Rxf4 Bd4+ 17. Kh1 Qxd7 18. Rd1 Be5 19. Na4 Qe7 20. Bxe5 Qxe5
21. Rxf7 Be6 22. Qxe5 dxe5 23. Rxf8+ Rxf8 24. h3 Rf2 25. Rd6 Bg8 26. Rxc6 Re2
27. Rc8 g6 28. Kh2 Rxe4 29. c4 Re2 30. Nc3 Rc2 31. Ne4 Kg7 32. Rc7+ Kh6 33.
Rxa7 Be6 34. Re7 Bf5 35. Rxe5 Re2 36. Nd6 1-0

[Event "Campeonato del Mundo sub-20 2010 Fem."]
[Site "Chotowa-Czarna, Poland"]
[Date "2010.08.12"]
[Round "9.10"]
[White "Toth, Sarolta"]
[Black "Kaya, Emel"]
[Result "1-0"]
[WhiteElo "2207"]
[BlackElo "2015"]
[PlyCount "119"]
[EventDate "2010.08.03"]
[EventType "swiss"]
[EventRounds "13"]
[EventCountry "POL"]
[Source "lmi"]
[SourceDate "2010.08.03"]

1. Nf3 g6 2. c4 Bg7 3. g3 Nf6 4. Bg2 O-O 5. O-O d6 6. Nc3 c6 7. d3 e5 8. Rb1
Re8 9. b4 d5 10. e4 dxe4 11. dxe4 Qxd1 12. Rxd1 Be6 13. Bf1 Bg4 14. Kg2 Na6 15.
Be3 Bf8 16. c5 Nc7 17. h3 Bxf3+ 18. Kxf3 Rad8 19. Bc4 Ra8 20. Bf1 Rad8 21. Bc4
Ne6 22. Rxd8 Rxd8 23. Rd1 Rxd1 24. Nxd1 Nd4+ 25. Bxd4 exd4 26. e5 Nd5 27. Bxd5
cxd5 28. Ke2 Bg7 29. f4 f6 30. exf6 Bxf6 31. Nf2 Kf7 32. Ng4 Bg7 33. Kd3 Ke6
34. Nh2 b6 35. cxb6 axb6 36. Nf3 Bf6 37. Nxd4+ Kd6 38. a4 Bd8 39. Nf3 Be7 40.
Ne5 Kc7 41. Kd4 Bxb4 42. Kxd5 Bd2 43. Nf3 Be3 44. Ng5 h5 45. Ne6+ Kd7 46. Nf8+
Ke7 47. Nxg6+ Kf6 48. Ne5 Kf5 49. Nc4 Bg1 50. Nd6+ Kf6 51. g4 hxg4 52. hxg4 Be3
53. Ne4+ Kf7 54. f5 Ke7 55. g5 Kf7 56. g6+ Kg7 57. Ke6 Bd4 58. Ke7 Bb2 59. Nd6
Ba3 60. Ke6 1-0